Deep-water shipwrecks off Skerki Bank : the 1997 survey /

محفوظ في:

المؤلف الرئيسي: McCann, Anna Marguerite (مؤلف)

مؤلفون آخرون: Oleson, John Peter.

التنسيق: كتاب

اللغة: English

منشور في: Portsmouth, Rhode Island : Journal of Roman Archaeology, 2004.

سلاسل: Journal of Roman archaeology. Supplementary series ; 58.
JRASS ; 58.

الموضوعات:

الوسوم: إضافة وسم

لا توجد وسوم, كن أول من يضع وسما على هذه التسجيلة!

رقم الطلب: DG11 .J62 no.58

LEADER 01323namaa2200337 4500
001 12248
003 OSt
005 20240923095242.0
008 130303s2004 riuab b 000 0 eng d
952 |0 0  |1 0  |2 lcc  |4 0  |6 DG0011 J62 NO.00058  |7 1  |9 58274  |a ARCE  |b ARCE  |d 2023-12-18  |l 0  |o DG11 .J62 no.58  |p 1011466  |r 2023-12-18 00:00:00  |w 2023-12-18  |y BK 
999 |c 10706  |d 10706 
010 |a 96160556 
020 |a 188782958X 
040 |c ARCE Library 
043 |a e-it--- 
050 4 |a DG11 .J62 no.58 
100 1 |a McCann, Anna Marguerite,  |e author  |9 35679 
245 1 0 |a Deep-water shipwrecks off Skerki Bank :   |b the 1997 survey /   |c by Anna Marguerite McCann & John Peter Oleson ; with contributions by J. Adams ... [et al.]. 
264 1 |a Portsmouth, Rhode Island :   |b Journal of Roman Archaeology,   |c 2004. 
300 |a 224 pages :  |b illustrations (some color), maps ;  |c 29 cm. 
490 0 |a Journal of Roman archaeology. Supplementary series ;   |v 58. 
490 0 |a JRASS ;   |v 58. 
504 |a Includes bibliographical references (p. [216]-224). 
555 |a .alaa-sweed 
650 0 |a Romans  |z Italy  |z Sicily. 
650 0 |a Shipwrecks  |z Italy  |z Sicily. 
650 0 |a Underwater archaeology  |z Italy  |z Sicily. 
651 0 |a Sicily (Italy)  |x Antiquities, Roman. 
700 1 |a Oleson, John Peter.  |9 37086 
901 |a reviewed 
942 |c BK  |2 lcc